Az IC-chip készletek csökkentése a Robert Bosch Elektronika Kft.-nél

Bibliographic Details
Main Author: Somoskői Gréta
Other Authors: Horváth Dr. Annamária
Format: Thesis
Kulcsszavak:Készletgazdálkodás/ készletcsökkentés
Online Access:http://dolgozattar.uni-bge.hu/4667

MARC

LEADER 00000nta a2200000 i 4500
001 dolg4667
005 20160512143718.0
008 151214suuuu hu om 000 hun d
040 |a BGE Dolgozattár Repozitórium  |b hun 
041 |a hu 
100 1 |a Somoskői Gréta 
245 1 3 |a Az IC-chip készletek csökkentése a Robert Bosch Elektronika Kft.-nél  |c Somoskői Gréta  |h [elektronikus dokumentum] 
695 |a Készletgazdálkodás/ készletcsökkentés 
700 1 |a Horváth Dr. Annamária  |e ths 
856 4 0 |u http://dolgozattar.uni-bge.hu/4667/1/Szakdolgozat%20Somosk%C5%91i%20Gr%C3%A9ta.pdf  |z Dokumentum-elérés